|
000
|
01077nam0 2200277 45
|
|
001
|
0016516253
|
|
005
|
20070730141432.0
|
|
010
|
|
@a978-7-5392-7651-9@dCNY35.00
|
|
100
|
|
@a20151203d2014 em y0chiy50 ea
|
|
101
|
0
|
@achi
|
|
102
|
|
@aCN@b360000
|
|
105
|
|
@ay a 000yd
|
|
106
|
|
@ar
|
|
200
|
1
|
@a荆轲刺秦王的历史真相@AJing Ke Ci Qin Wang De Li Shi Zhen Xiang@f石毓智著
|
|
210
|
|
@a南昌@c江西教育出版社@d2014
|
|
215
|
|
@a312页@d24cm
|
|
314
|
|
@a石毓智,1963年生,河南洛阳人,斯坦福大学博士(1999年)。曾求学、访学与任教于美国、英国、法国、日本、韩国、加拿大、新加坡等国家。
|
|
320
|
|
@a有书目
|
|
330
|
|
@a本书用不同凡俗而又颇具说服力的观点来解读《史记之荆轲》, 对荆轲其人其事有一个更贴近历史的解读。从而帮助读者打穿历史这堵厚厚的墙, 让您全方位领略这个古今第一大英雄的风采。
|
|
600
|
0
|
@a荆轲,@Ajing ke@f-前227@x人物研究
|
|
606
|
0
|
@a秦代@AQin Dai@x古代史@x研究
|
|
690
|
|
@aK23@v5
|
|
701
|
0
|
@a石毓智,@AShi Yu Zhi,@f1963-@4著
|
|
702
|
0
|
@a王统尚@AWang Tong Shang@4资料整理
|
|
801
|
2
|
@aCN@bCDNYKJZYXY@c
|
|
905
|
|
@aCDNYKJZYXY@b480693-5@dK23@e65@f3
|
|
|
|
|
| |
| 荆轲刺秦王的历史真相/石毓智著.-南昌:江西教育出版社,2014 |
| 312页;24cm |
| |
| |
| ISBN 978-7-5392-7651-9:CNY35.00 |
| 本书用不同凡俗而又颇具说服力的观点来解读《史记之荆轲》, 对荆轲其人其事有一个更贴近历史的解读。从而帮助读者打穿历史这堵厚厚的墙, 让您全方位领略这个古今第一大英雄的风采。 |
| ● |
正题名:荆轲刺秦王的历史真相
索取号:K23/65
 
预约/预借
| 序号
|
登录号
|
条形码
|
馆藏地/架位号
|
状态
|
备注
|
|
1
|
480693
|
300480693
|
海科密-1楼/42架1列7层/
[索取号:K23/65]
|
在馆
|
|
|
2
|
480694
|
300480694
|
海科密-1楼/42架12列6层/
[索取号:K23/65]
|
在馆
|
|
|
3
|
480695
|
300480695
|
海科密-1楼/42架1列7层/
[索取号:K23/65]
|
在馆
|
|